000 00588nam a22002177a 4500
003 OSt
005 20140310182920.0
008 130129t xxu||||| |||| 00| 0 eng d
020 _a9789712725883
050 _aDS 675.8
_b.Sa195 2011
082 _aF959.9025
_b.S194 2011
245 _aRizal in our time : essays in interpretation
_cEpifanio San Juan, Jr
250 _arev. ed.
260 _aManila
_bAnvil Publishing
_c2011
300 _axvi, 212 p.
_c22 cm.
521 _acollege students
526 _c1210L-1700L
541 _j1
562 _e1
942 _2lcc
_cBK
_kFIL
999 _c17333
_d17333